Top College in Every State - Forbes - Statistics

General Stats
  • This quiz has been taken 151 times
    104 since last reset
  • The average score is 11 of 51
Answer Stats
State College % Correct
Alabama Auburn University
70%
(D.C.) Georgetown University
57%
Connecticut Yale University
57%
Florida University of Florida
54%
New Jersey Princeton University
47%
Michigan University of Michigan, Ann Arbor
47%
Delaware University of Delaware
43%
Indiana University of Notre Dame
42%
Illinois Northwestern University
41%
Georgia Emory University
38%
Rhode Island Brown University
36%
North Carolina Duke University
36%
Louisiana Tulane University
36%
Arizona University of Arizona
36%
Wisconsin University of Wisconsin, Madison
30%
New Hampshire Dartmouth College
28%
Texas Rice University
26%
Alaska University of Alaska, Fairbanks
26%
Maine Bowdoin College
25%
Utah Brigham Young University
23%
Colorado United States Air Force Academy
23%
Hawaii University of Hawaii, Manoa
21%
Maryland United States Naval Academy
20%
Tennessee Vanderbilty University
20%
California Pomona College
19%
Wyoming University of Wyoming
19%
Missouri Washington University in St. Louis
17%
West Virginia West Virginia University
17%
Iowa Grinnell College
16%
Massachusetts Williams College
16%
Vermont Middlebury College
15%
Kansas University of Kansas
14%
Minnesota Carleton College
12%
Ohio Oberlin College
12%
Pennsylvania Swarthmore College
12%
Nebraska Creighton University
11%
Oregon Reed College
9%
Virginia Washington and Lee University
9%
New York United States Military Academy
7%
Washington Whitman College
7%
Nevada University of Nevada, Reno
6%
North Dakota University of North Dakota
6%
Montana Carroll College
5%
Idaho College of Idaho
5%
Arkansas Hendrix College
5%
South Dakota University of South Dakota
4%
Kentucky Centre College
2%
Mississippi Millsaps College
2%
South Carolina Wofford College
2%
New Mexico Saint John's College - Annapolis
1%
Oklahoma University of Tulsa
0%
No matching quizzes found
Score Distribution
Percent of People with Each Score
Percentile by Number Answered
Your Score History
You have not taken this quiz since the last reset